Sports Quiz

Random Sports or Basketball Quiz
Score 0/126 Timer 10:00
0 Plays Today
Year Player % Correct
2005Kobe Bryant
98.1%
2007Kobe Bryant
98.1%
1998Kobe Bryant
98.1%
2000Kobe Bryant
98.1%
2001Kobe Bryant
98.1%
2002Kobe Bryant
98.1%
2003Kobe Bryant
98.1%
2004Kobe Bryant
98.1%
2006Kobe Bryant
98.1%
2008Kobe Bryant
98.1%
2009Kobe Bryant
98.1%
2011Kobe Bryant
98.1%
2012Kobe Bryant
98.1%
2013Kobe Bryant
98.1%
2009Chris Paul
95.1%
2011Chris Paul
95.1%
2012Chris Paul
95.1%
2013Chris Paul
95.1%
2006Steve Nash
94.9%
2010Steve Nash
94.9%
2014James Harden
94.7%
1983Magic Johnson
94.3%
1984Magic Johnson
94.3%
1985Magic Johnson
94.3%
1986Magic Johnson
94.3%
1987Magic Johnson
94.3%
1992Magic Johnson
94.3%
1980Magic Johnson
94.3%
1988Magic Johnson
94.3%
1990Magic Johnson
94.3%
1991Magic Johnson
94.3%
2014Stephen Curry
94.1%
1991Kevin Johnson
94.1%
1989John Stockton
90.1%
1990John Stockton
90.1%
1993John Stockton
90.1%
1997John Stockton
90.1%
1963Jerry West
89.1%
1970Jerry West
89.1%
1971Jerry West
89.1%
1972Jerry West
89.1%
1962Jerry West
89.1%
Year Player % Correct
1964Jerry West
89.1%
1965Jerry West
89.1%
1966Jerry West
89.1%
1967Jerry West
89.1%
1968Jerry West
89.1%
1973Jerry West
89.1%
1998Gary Payton
89%
1997Gary Payton
89%
2005Tracy McGrady
87.6%
2007Tracy McGrady
87.6%
1992Clyde Drexler
86.3%
1993Clyde Drexler
86.3%
1994Clyde Drexler
86.3%
1996Clyde Drexler
86.3%
2008Allen Iverson
81.6%
1996Jason Kidd
81.2%
2000Jason Kidd
81.2%
2001Jason Kidd
81.2%
2010Carmelo Anthony
77.7%
1961Oscar Robertson
77%
1962Oscar Robertson
77%
1986Alvin Robertson
77%
1987Alvin Robertson
77%
1981George Gervin
74.6%
1982George Gervin
74.6%
1985George Gervin
74.6%
2002Steve Francis
74.5%
2003Steve Francis
74.5%
2004Steve Francis
74.5%
1983Alex English
68.3%
1984Alex English
68.3%
1989Alex English
68.3%
1994Mitch Richmond
63%
1963Elgin Baylor
46.6%
1972Gail Goodrich
45.3%
1974Gail Goodrich
45.3%
1975Gail Goodrich
45.3%
1978David Thompson
42.6%
1979David Thompson
42.6%
1995Dan Majerle
42%
1973Tiny Archibald
41.1%
1975Tiny Archibald
41.1%
Year Player % Correct
1976Tiny Archibald
41.1%
1982Gus Williams
38.8%
1995Latrell Sprewell
38.6%
1971Dave Bing
34.2%
1988Fat Lever
31.4%
1965Lenny Wilkens
26.9%
1968Lenny Wilkens
26.9%
1969Lenny Wilkens
26.9%
1978Paul Westphal
25.4%
1979Paul Westphal
25.4%
1981Paul Westphal
25.4%
1977Paul Westphal
25.4%
1969Jerry Sloan
21.8%
1980World B. Free
20.7%
1970Lou Hudson
20.3%
1954Slater Martin
17.1%
1956Slater Martin
17.1%
1957Slater Martin
17.1%
1958Slater Martin
17.1%
1959Slater Martin
17.1%
1977Norm Van Lier
15.5%
1960Jack Twyman
10.5%
1974Geoff Petrie
10.2%
1964Guy Rodgers
7.3%
1966Guy Rodgers
7.3%
1967Guy Rodgers
7.3%
1960Gene Shue
5.4%
1959Gene Shue
5.4%
1961Gene Shue
5.4%
1951Bob Davies
4.3%
1976Brian Winters
4.3%
1952Bobby Wanzer
3%
1953Bobby Wanzer
3%
1955Bobby Wanzer
3%
1954Bobby Wanzer
3%
1956Bobby Wanzer
3%
1953Andy Phillip
2.8%
1955Andy Phillip
2.8%
1951Ralph Beard
2.6%
1957Dick Garmaker
1.8%
1958Dick Garmaker
1.8%
1952Paul Walther
1.1%
Remove Ads.
Support Sporcle.
Get the best of Sporcle when you Go Orange. This ad-free experience offers more features, more stats, and more fun while also helping to support Sporcle. Thank you for becoming a member.

You're not logged in!

Compare scores with friends on all Sporcle quizzes.
OR
Log In

Show Comments

Extras

Top Quizzes Today


Score Distribution

Your Account Isn't Verified!

In order to create a playlist on Sporcle, you need to verify the email address you used during registration. Go to your Sporcle Settings to finish the process.

Report this User

Report this user for behavior that violates our Community Guidelines.

Details: